000 00916nas a2200301 4500
001 BR2016001798
003 BR-BrBNA
005 20231205130326.0
007 ta
008 230509b bl.|||p| |||| 00| 00por d
040 _aBR-BrBNA
_bpor
_cBiblioteca Nacional de Agricultura
041 _a(Pt)
072 _aL72
100 1 _aSantos, P.M. de S.
100 1 _aSilva, S.G.N. da
100 1 _aFonseca, C.F. da
100 1 _aOliveira, J.B. de
245 1 _aParasitos de aves e mamíferos silvestres em cativeiro no estado de Pernambuco
650 _aPARASITO DE ANIMAL
650 _aECTOPARASITA
650 _aCONTROLE BIOLOGICO
650 _aBIODIVERSIDADE
650 _aCONSERVACAO
650 _aPERNAMBUCO
773 0 _tPesquisa Veterinária Brasileira (Brazil)
_xISSN 0100-736X
_g(Sep 2015), v. 35(9) p. 788-794
_wBR2016001798
909 _a202311
_bLúcia
_c55
_dLúcia Elande
942 _2AGRIS
_n0
_cANA
999 _c248861
_d248861